000 01358nam a2200361 i 4500
999 _c65557
_d65557
001 768714001
003 CO-MdFUSB
005 20200528170408.0
007 ta
008 200327t1998 mau |||| |||| 00| 0 eng d
020 _a 9781565630901
040 _aCO-MdFUSB
_bspa
_cCO-MdFUSB
_dCO-MdFUSBC
_erda
041 _aeng
041 _aheb
082 _223
_a221.66
_bG449
100 _aGibson, John Clark Love.
_eautor
242 _aLenguaje e imaginario en el Antiguo Testamento
_linglés
245 _aLanguage and Imagery in the Old Testament.
_c/ John Clark Love Gibson
264 1 _aMassachusetts :
_bHendrickson Publishers,
_c[1998]
264 4 _c© 1998
300 _a166 pàginas
_c; 22 cm
336 _2rdacontent
_atexto
_btxt
337 _2rdamedia
_asin mediación
_bn
338 _2rdacarrier
_avolumen
_bnc
500 _aColección Dawn Christina Harrell
505 _aLa potencia del idioma hebreo. -- Lenguaje sobre Dios en el Antiguo Testamento. -- La retórica de la escritura en prosa hebrea -- La retórica y las melodías de la poesía hebrea. -- La retórica del mito hebreo. -- Imágenes de Dios. -- Imágenes de la humanidad.
563 _aRùstico
630 0 7 _aBiblia.
_pAntiguo Testamento
_2Lenguaje.
630 0 7 _aBiblia.
_pAntiguo Testamento
942 _cBK
945 _aJTF-925
_bAEM-53